[Event "ENG-ch Seniors 50"]
[Site "Leamington Spa"]
[Date "2023.05.04"]
[Round "1"]
[White "Thompson, Ian D"]
[Black "Cole, Graham"]
[Result "1-0"]
[WhiteElo "2064"]
[BlackElo "1643"]
[PlyCount "95"]
[EventDate "2023.05.04"]
[EventType "swiss"]
[EventRounds "7"]
[EventCountry "ENG"]
[SourceTitle "CBM 214 Extra"]
[Source "ChessBase"]
[SourceDate "2023.07.31"]
[SourceVersion "1"]
[SourceVersionDate "2023.07.31"]
[SourceQuality "1"]

1. c4 c5 2. Nc3 Nc6 3. g3 g6 4. Bg2 Bg7 5. Nf3 e6 6. d4 cxd4 7. Nb5 d5 8. cxd5 Qa5+ 9. Qd2 Qxb5 10. dxc6 Ne7 11. Nxd4 Qb6 12. Nb3 0-0 13. cxb7 Bxb7 14. Bxb7 Qxb7 15. 0-0 Rfd8 16. Qf4 Rac8 17. Bd2 Bxb2 18. Rab1 Bg7 19. Qa4 Qd7 20. Qa3 Nc6 21. Bg5 Qd6 22. Qa4 f6 23. Be3 Qe5 24. Rbc1 Ne7 25. Rxc8 Rxc8 26. Qd7 Bf8 27. Nd4 Rc7 28. Qxe6+ Qxe6 29. Nxe6 Rc2 30. Rd1 Kf7 31. Nxf8 Kxf8 32. Rd2 Rc7 33. g4 g5 34. Rd6 Kf7 35. Bd4 Rc2 36. Rxf6+ Kg8 37. Ra6 Ng6 38. Be3 Rxe2 39. Bxg5 Ne5 40. Kf1 Rb2 41. h3 Nd3 42. Be3 Nb4 43. Rxa7 Nxa2 44. Kg2 Nc3 45. Bd4 Rb3 46. Rg7+ Kf8 47. Bxc3 Rxc3 48. Rxh7 1-0

[Event "BCF-chT4 2223 (4NCL)"]
[Site "England"]
[Date "2023.04.30"]
[Round "10.66"]
[White "Cole, Graham"]
[Black "Wannasin Bell, Charlie"]
[Result "1/2-1/2"]
[WhiteElo "1725"]
[BlackElo "1546"]
[PlyCount "35"]
[EventDate "2022.11.05"]
[EventType "team-swiss"]
[EventRounds "11"]
[EventCountry "ENG"]
[SourceTitle "EXT 2024"]
[Source "ChessBase"]
[SourceDate "2023.10.10"]
[SourceVersion "1"]
[SourceVersionDate "2023.10.10"]
[SourceQuality "1"]
[WhiteTeam "Oxford III"]
[BlackTeam "Sussex Martlets III"]
[WhiteTeamCountry "ENG"]
[BlackTeamCountry "ENG"]

1. e4 d6 2. d4 Nf6 3. Nc3 g6 4. Nf3 Bg7 5. Be2 0-0 6. 0-0 Nbd7 7. h3 c6 8. a4 e5 9. Be3 exd4 10. Nxd4 Re8 11. Bd3 d5 12. exd5 cxd5 13. Qd2 Nc5 14. Rfd1 a6 15. a5 Bd7 16. Bg5 Bc6 17. Be3 Bd7 18. Bg5 1/2-1/2

[Event "BCF-chT4 2223 (4NCL)"]
[Site "England"]
[Date "2023.03.25"]
[Round "7.85"]
[White "Cole, Graham"]
[Black "Walker, Heather Enid"]
[Result "1-0"]
[WhiteElo "1725"]
[BlackElo "1277"]
[PlyCount "93"]
[EventDate "2022.11.05"]
[EventType "team-swiss"]
[EventRounds "11"]
[EventCountry "ENG"]
[SourceTitle "EXT 2024"]
[Source "ChessBase"]
[SourceDate "2023.10.10"]
[SourceVersion "1"]
[SourceVersionDate "2023.10.10"]
[SourceQuality "1"]
[WhiteTeam "Oxford III"]
[BlackTeam "Anglian Avengers II"]
[WhiteTeamCountry "ENG"]
[BlackTeamCountry "ENG"]

1. e4 Nf6 2. e5 Nd5 3. d4 b5 4. Bxb5 c5 5. Be2 e6 6. c4 Nb6 7. Nf3 Be7 8. 0-0 0-0 9. Nc3 Bb7 10. b3 d5 11. exd6 Bxd6 12. dxc5 Bxc5 13. Qxd8 Rxd8 14. Bf4 N8d7 15. Rfd1 h6 16. h4 a6 17. Rd3 Be7 18. Rad1 Bf6 19. Be3 Rac8 20. g3 e5 21. Bxb6 Nxb6 22. Rxd8+ Bxd8 23. Nxe5 Bf6 24. f4 Re8 25. Bd3 Bc8 26. Re1 Nd7 27. Nd5 Bxe5 28. fxe5 Nxe5 29. Re3 Kf8 30. Be2 a5 31. Kg2 g6 32. Bf3 h5 33. Re1 f6 34. Nxf6 Re6 35. Nd5 Kf7 36. Nf4 Re8 37. Bd5+ Kf6 38. Re3 Bg4 39. Nd3 Bf3+ 40. Bxf3 Re6 41. Rxe5 Rxe5 42. Nxe5 Kxe5 43. c5 Ke6 44. Kf2 Kd7 45. Ke3 Kc7 46. Kd4 Kc8 47. Be4 1-0

[Event "BCF-chT4 2223 (4NCL)"]
[Site "England"]
[Date "2023.01.07"]
[Round "3.16"]
[White "Scoular, Adam"]
[Black "Cole, Graham"]
[Result "1/2-1/2"]
[WhiteElo "2012"]
[BlackElo "1725"]
[PlyCount "115"]
[EventDate "2022.11.05"]
[EventType "team-swiss"]
[EventRounds "11"]
[EventCountry "ENG"]
[SourceTitle "EXT 2024"]
[Source "ChessBase"]
[SourceDate "2023.10.10"]
[SourceVersion "1"]
[SourceVersionDate "2023.10.10"]
[SourceQuality "1"]
[WhiteTeam "Average Wood Pushers"]
[BlackTeam "Oxford III"]
[WhiteTeamCountry "ENG"]
[BlackTeamCountry "ENG"]

1. e4 c5 2. Nf3 d6 3. Nc3 Nf6 4. Bb5+ Bd7 5. e5 dxe5 6. Qe2 e6 7. Nxe5 a6 8. Bxd7+ Nbxd7 9. b3 Nxe5 10. Qxe5 Bd6 11. Qg5 0-0 12. Bb2 h6 13. Qh4 Be7 14. Ne4 Nxe4 15. Qxe4 Bf6 16. Bxf6 Qxf6 17. 0-0 Rab8 18. a4 Qd4 19. Qxd4 cxd4 20. c4 dxc3 21. dxc3 Rfc8 22. Rac1 b5 23. a5 Rc6 24. Rfd1 Rbc8 25. Rd3 Kf8 26. Kf1 Ke7 27. Ke2 Rc5 28. b4 Rc4 29. Kd2 e5 30. f3 Ke6 31. Re1 f6 32. Re4 f5 33. Rxc4 bxc4 34. Re3 Rd8+ 35. Kc2 g5 36. Re1 h5 37. Rd1 Rb8 38. Kd2 Kd5 39. Ke3+ Kc6 40. g4 hxg4 41. fxg4 fxg4 42. Ke4 Rh8 43. Kxe5 Rxh2 44. Rd6+ Kb7 45. Rd4 g3 46. Kd5 Rf2 47. Rd1 g2 48. Rg1 g4 49. Kxc4 Kc6 50. Kb3 Re2 51. c4 Rf2 52. Kc3 Rf3+ 53. Kd4 Rf4+ 54. Kd3 Rf2 55. Ke3 Rc2 56. Kd4 Rd2+ 57. Ke3 Rc2 58. Kd3 1/2-1/2

[Event "BCF-chT4 2223 (4NCL)"]
[Site "England"]
[Date "2022.11.05"]
[Round "1.92"]
[White "Sachdeva, Ronit"]
[Black "Cole, Graham"]
[Result "1/2-1/2"]
[WhiteElo "1820"]
[BlackElo "1725"]
[PlyCount "123"]
[EventDate "2022.11.05"]
[EventType "team-swiss"]
[EventRounds "11"]
[EventCountry "ENG"]
[SourceTitle "EXT 2024"]
[Source "ChessBase"]
[SourceDate "2023.10.10"]
[SourceVersion "1"]
[SourceVersionDate "2023.10.10"]
[SourceQuality "1"]
[WhiteTeam "Guildford Young Guns"]
[BlackTeam "Oxford IV"]
[WhiteTeamCountry "ENG"]
[BlackTeamCountry "ENG"]

1. Nf3 c5 2. e3 Nf6 3. b3 Nc6 4. Bb2 d5 5. d4 e6 6. Nbd2 Be7 7. a3 0-0 8. Bd3 b6 9. 0-0 Bb7 10. Ne5 cxd4 11. exd4 g6 12. f4 Nxe5 13. fxe5 Ne4 14. Bxe4 dxe4 15. a4 f5 16. exf6 Bxf6 17. Nc4 Qd5 18. Ne3 Qg5 19. Qe2 Rad8 20. Rad1 Bg7 21. Rfe1 Rf7 22. Qg4 Qxg4 23. Nxg4 h5 24. Nf2 Rfd7 25. c3 e5 26. dxe5 Rxd1 27. Rxd1 Rxd1+ 28. Nxd1 Bxe5 29. c4 e3 30. Nc3 e2 31. Kf2 Bxg2 32. Nxe2 Bxb2 33. Kxg2 Kf7 34. Kf3 Kf6 35. h3 Ke5 36. Ke3 g5 37. Kf3 Kf5 38. Ng3+ Ke5 39. Ne2 g4+ 40. hxg4 hxg4+ 41. Ke3 Ba3 42. Kf2 Ke4 43. Nc3+ Kd3 44. Nd5 Bc5+ 45. Kg3 a5 46. Kxg4 Kc2 47. Kf4 Kxb3 48. Ke4 Kxc4 49. Nc7 Kb3 50. Kd5 Kxa4 51. Kc4 Bd6 52. Nb5 Be5 53. Na7 Bd6 54. Nb5 Bb4 55. Nd4 Ka3 56. Nc2+ Kb2 57. Nxb4 a4 58. Nd3+ Kc2 59. Nb4+ Kd2 60. Na2 Kc2 61. Kb4 Kb2 62. Kxa4 1/2-1/2

[Event "Berks & Bucks op"]
[Site "Maidenhead"]
[Date "2022.08.29"]
[Round "5"]
[White "Cole, Graham"]
[Black "Holmes, Matthew A"]
[Result "0-1"]
[WhiteElo "1768"]
[BlackElo "1631"]
[PlyCount "126"]
[EventDate "2022.08.27"]
[EventType "swiss"]
[EventRounds "6"]
[EventCountry "ENG"]
[SourceTitle "CBM 210 Extra"]
[Source "ChessBase"]
[SourceDate "2022.11.30"]
[SourceVersion "1"]
[SourceVersionDate "2022.11.30"]
[SourceQuality "1"]

1. e4 e5 2. Nf3 Nc6 3. Bc4 Bc5 4. b4 Bxb4 5. c3 Ba5 6. d4 d6 7. dxe5 Bg4 8. exd6 Nf6 9. d7+ Qxd7 10. Qxd7+ Nxd7 11. 0-0 Bxf3 12. gxf3 Nde5 13. Be2 0-0-0 14. Be3 f6 15. f4 Nd3 16. a4 Bb6 17. Ra2 Bxe3 18. fxe3 Nc5 19. Bb5 Nxe4 20. a5 a6 21. Bxc6 bxc6 22. Ra4 Rhe8 23. Rc4 c5 24. Kg2 f5 25. Re1 Rd3 26. Kf3 Kb7 27. Ra4 Kc6 28. c4 Rb8 29. Kg2 Rb2+ 30. Kg1 Rbb3 31. Ra2 Rxe3 32. Rxe3 Rxe3 33. Rb2 Re1+ 34. Kg2 Rc1 35. Na3 Rc3 36. Nc2 Rxc4 37. Ne3 Ra4 38. Nxf5 g6 39. Ne3 Rxa5 40. Rb8 Ra2+ 41. Kf3 Nd2+ 42. Kg3 c4 43. Rh8 c3 44. Rxh7 c2 45. Nxc2 Rxc2 46. Rh6 Nf1+ 47. Kf3 Nxh2+ 48. Kg3 Nf1+ 49. Kf3 Rc3+ 50. Ke2 Ng3+ 51. Kd2 Ne4+ 52. Ke2 Kd5 53. Rxg6 Rc6 54. Rg8 a5 55. Ra8 Rc5 56. Ke3 Nd6 57. Kd3 Nf5 58. Ra6 c6 59. Ra8 Nd6 60. Ra6 Ke6 61. Kd4 Rc4+ 62. Kd3 a4 63. Ra8 Rxf4 0-1

[Event "Berks & Bucks op"]
[Site "Maidenhead"]
[Date "2022.08.28"]
[Round "3"]
[White "Gibbs, Dominic V"]
[Black "Cole, Graham"]
[Result "1-0"]
[WhiteElo "1865"]
[BlackElo "1768"]
[PlyCount "93"]
[EventDate "2022.08.27"]
[EventType "swiss"]
[EventRounds "6"]
[EventCountry "ENG"]
[SourceTitle "CBM 210 Extra"]
[Source "ChessBase"]
[SourceDate "2022.11.30"]
[SourceVersion "1"]
[SourceVersionDate "2022.11.30"]
[SourceQuality "1"]

1. e4 c5 2. Nf3 d6 3. c3 Nf6 4. Bd3 Nc6 5. h3 e5 6. Bc2 Be7 7. 0-0 0-0 8. d4 b6 9. Re1 Qc7 10. d5 Nb8 11. a4 a6 12. Nbd2 Bb7 13. Nf1 Nbd7 14. g4 Rfd8 15. Ng3 g6 16. Nh2 Bf8 17. g5 Ne8 18. Ng4 Bg7 19. h4 Nf8 20. Rf1 Bc8 21. f3 Qe7 22. Kg2 Ra7 23. Be3 Ra8 24. Qe2 Bd7 25. Bd3 a5 26. b3 Rdc8 27. Rf2 Rc7 28. Raf1 Qd8 29. Bd2 Qc8 30. Rh1 f5 31. gxf6 Nxf6 32. Nh6+ Bxh6 33. Bxh6 Be8 34. Bg5 Nh5 35. f4 Nxf4+ 36. Bxf4 exf4 37. Rxf4 Raa7 38. e5 Rf7 39. Rhf1 Rxf4 40. Rxf4 Rf7 41. Rxf7 Bxf7 42. e6 Bxe6 43. dxe6 Nxe6 44. Bc4 Qc6+ 45. Qe4 Qxe4+ 46. Nxe4 Kf7 47. Ng5+ 1-0

[Event "Berks & Bucks op"]
[Site "Maidenhead"]
[Date "2022.08.27"]
[Round "1"]
[White "Amato, Giampiero"]
[Black "Cole, Graham"]
[Result "1-0"]
[WhiteElo "1984"]
[BlackElo "1768"]
[PlyCount "83"]
[EventDate "2022.08.27"]
[EventType "swiss"]
[EventRounds "6"]
[EventCountry "ENG"]
[SourceTitle "CBM 210 Extra"]
[Source "ChessBase"]
[SourceDate "2022.11.30"]
[SourceVersion "1"]
[SourceVersionDate "2022.11.30"]
[SourceQuality "1"]

1. c4 c5 2. g3 g6 3. Bg2 Bg7 4. Nc3 Nc6 5. a3 e6 6. Rb1 a5 7. Nf3 Nge7 8. 0-0 0-0 9. d3 d5 10. Nb5 e5 11. Qc2 d4 12. e3 Na7 13. Nxa7 Rxa7 14. exd4 exd4 15. b4 axb4 16. axb4 cxb4 17. Rxb4 Nc6 18. Rb5 Ra5 19. Rb1 Re8 20. Re1 Rxe1+ 21. Nxe1 Re5 22. Bf4 Re8 23. Nf3 Qe7 24. Qd2 Qe2 25. Qxe2 Rxe2 26. Ng5 Re8 27. Bd5 Nd8 28. Bc7 Ne6 29. Nxe6 fxe6 30. Bxb7 Bxb7 31. Rxb7 Rc8 32. Rb8 Rxb8 33. Bxb8 Kf7 34. Kg2 Ke7 35. Kf3 e5 36. Ke4 Ke6 37. c5 g5 38. c6 h6 39. g4 Bh8 40. c7 Kd7 41. c8Q+ Kxc8 42. Bxe5 1-0

[Event "Checkmate Covid Rematch"]
[Site "Chess.com INT"]
[Date "2021.06.06"]
[Round "?"]
[White "Cole, Graham"]
[Black "Punnett, Alan Kenneth"]
[Result "1-0"]
[WhiteElo "1818"]
[BlackElo "2022"]
[PlyCount "23"]
[EventDate "2021.06.05"]
[EventType "swiss (blitz)"]
[EventRounds "20"]
[EventCountry "ENG"]
[SourceTitle "CBM 202 Extra"]
[Source "ChessBase"]
[SourceDate "2021.07.31"]
[SourceVersion "1"]
[SourceVersionDate "2021.07.31"]
[SourceQuality "1"]

1. e4 e6 2. d4 d5 3. Nc3 Nf6 4. Bg5 dxe4 5. Nxe4 Be7 6. Bxf6 gxf6 7. Nf3 f5 8. Ned2 a6 9. c3 c5 10. Nb3 cxd4 11. Qxd4 Nc6 12. Qxh8+ 1-0

[Event "Checkmate Covid Rematch"]
[Site "Chess.com INT"]
[Date "2021.06.05"]
[Round "?"]
[White "Brett, Andrew"]
[Black "Cole, Graham"]
[Result "1/2-1/2"]
[WhiteElo "2085"]
[BlackElo "1818"]
[PlyCount "76"]
[EventDate "2021.06.05"]
[EventType "swiss (blitz)"]
[EventRounds "20"]
[EventCountry "ENG"]
[SourceTitle "CBM 202 Extra"]
[Source "ChessBase"]
[SourceDate "2021.07.31"]
[SourceVersion "1"]
[SourceVersionDate "2021.07.31"]
[SourceQuality "1"]

1. c4 Nf6 2. Nc3 g6 3. e4 d6 4. d4 Bg7 5. h3 0-0 6. Be3 c5 7. Nf3 cxd4 8. Nxd4 Nc6 9. Be2 Bd7 10. 0-0 a6 11. Rc1 Rc8 12. Qd2 Nxd4 13. Bxd4 b5 14. cxb5 axb5 15. b4 h6 16. Rfd1 Qe8 17. e5 dxe5 18. Bxe5 Bc6 19. a4 bxa4 20. b5 Bb7 21. Nxa4 Ne4 22. Rxc8 Qxc8 23. Qd4 Bxe5 24. Qxe5 Qc2 25. Qxe7 Qxe2 26. Rf1 Qxb5 27. Ra1 Qe2 28. Nc3 Qxf2+ 29. Kh2 Qg3+ 30. Kg1 Qxc3 31. Rf1 Qe3+ 32. Kh2 Qg3+ 33. Kg1 Ng5 34. Qxb7 Nxh3+ 35. Kh1 Nf2+ 36. Kg1 Nh3+ 37. Kh1 Nf2+ 38. Kg1 Nh3+ 1/2-1/2

[Event "Checkmate Covid Rematch"]
[Site "Chess.com INT"]
[Date "2021.06.05"]
[Round "?"]
[White "Chaplin, Peter Edward"]
[Black "Cole, Graham"]
[Result "1-0"]
[WhiteElo "2046"]
[BlackElo "1818"]
[PlyCount "25"]
[EventDate "2021.06.05"]
[EventType "swiss (blitz)"]
[EventRounds "20"]
[EventCountry "ENG"]
[SourceTitle "CBM 202 Extra"]
[Source "ChessBase"]
[SourceDate "2021.07.31"]
[SourceVersion "1"]
[SourceVersionDate "2021.07.31"]
[SourceQuality "1"]

1. b3 Nf6 2. Bb2 g6 3. Bxf6 exf6 4. c4 Bg7 5. Nc3 f5 6. g3 0-0 7. Bg2 Nc6 8. e3 a6 9. Nge2 d6 10. 0-0 Ne5 11. d4 Nc6 12. Nf4 Be6 13. d5 1-0

[Event "Checkmate Covid Rematch"]
[Site "Chess.com INT"]
[Date "2021.06.05"]
[Round "?"]
[White "Cole, Graham"]
[Black "Ghasi, Ameet K"]
[Result "0-1"]
[WhiteElo "1818"]
[BlackElo "2485"]
[PlyCount "98"]
[EventDate "2021.06.05"]
[EventType "swiss (blitz)"]
[EventRounds "20"]
[EventCountry "ENG"]
[SourceTitle "CBM 202 Extra"]
[Source "ChessBase"]
[SourceDate "2021.07.31"]
[SourceVersion "1"]
[SourceVersionDate "2021.07.31"]
[SourceQuality "1"]

1. e4 d6 2. d4 a6 3. Nc3 g6 4. Be3 e6 5. Qd2 Ne7 6. 0-0-0 h6 7. f4 b5 8. Nf3 Bb7 9. Bd3 b4 10. Ne2 d5 11. e5 Nf5 12. Bxf5 gxf5 13. h3 h5 14. g4 hxg4 15. hxg4 Rxh1 16. Rxh1 fxg4 17. Ng5 Nd7 18. Rh8 Qe7 19. Ng3 0-0-0 20. f5 Bg7 21. Rxd8+ Kxd8 22. fxe6 fxe6 23. Qe2 Kc8 24. Qxg4 Nf8 25. Nh5 Bh6 26. Bf4 Bc6 27. Nxe6 Qxe6 28. Qxe6+ Nxe6 29. Bxh6 Nxd4 30. Nf4 Nf5 31. Bg5 d4 32. Kd2 a5 33. e6 Bb5 34. c3 dxc3+ 35. bxc3 Bc4 36. cxb4 axb4 37. e7 Nd6 38. Nd3 Kd7 39. Ke3 Nf5+ 40. Ke4 Nd6+ 41. Kd4 Bxd3 42. Kxd3 c5 43. Bh4 Kc6 44. Bg3 Ne8 45. Kc4 Kb6 46. Bf2 Nd6+ 47. Kd5 Nb5 48. Bg3 Nc3+ 49. Kc4 Ne4 0-1

[Event "Checkmate Covid Rematch"]
[Site "Chess.com INT"]
[Date "2021.06.05"]
[Round "?"]
[White "Cole, Graham"]
[Black "Zabrocki, Philip"]
[Result "0-1"]
[WhiteElo "1818"]
[BlackElo "1948"]
[PlyCount "22"]
[EventDate "2021.06.05"]
[EventType "swiss (blitz)"]
[EventRounds "20"]
[EventCountry "ENG"]
[SourceTitle "CBM 202 Extra"]
[Source "ChessBase"]
[SourceDate "2021.07.31"]
[SourceVersion "1"]
[SourceVersionDate "2021.07.31"]
[SourceQuality "1"]

1. e4 e6 2. d4 d5 3. Nc3 Bb4 4. e5 Ne7 5. a3 Bxc3+ 6. bxc3 c5 7. Qg4 0-0 8. Bd3 f5 9. exf6 Rxf6 10. Bg5 Rf7 11. Nf3 e5 0-1